00474nam a2200169 i 4500001001100000003000500011005001700016008004100033040002500074082001300099245004300112264007000155300001000225336002100235337002500256338002300281C2-0219598PPAK20180728111938.0990905s1985 my |||| ||||| | may d aPPAKbengcPPAKerda04a3202 2300aPolitik (Keratan Akhbar Koleksi Kedah) 1aAlor Setar, Kedah : bPerbadanan Perpustakaan Awam Kedah , c1985 c33 cm 2rdacontentatext 2rdamediaaunmediated 2rdacarrieravolume